000 00645nam a2200277Ia 4500
005 20260324142148.0
008 008 260324s9999 xx 000 0 eng d
020 _a9781315674612
037 _aEBOOK
040 _aCRL
040 _beng
040 _cCRL
041 _2eng
041 _aeng
084 _qCRL
100 _aJudith Levy
_91210919
245 0 _aV. S. Naipaul: Displacement and Autobiography
260 _bTaylor and Francis
260 _c1995
365 _a
365 _b180
856 _uhttp://www.taylorfrancis.com/books/9781315674612
942 _cEBOOK
999 _c1814781
_d1814781